highest grossing animal movies - Statistics

General Stats
  • This quiz has been taken 17 times
  • The average score is 9 of 15
Answer Stats
year starring gross film % Correct
2016 Ellen DeGeneres $526 million Finding Dory
80%
2003 Albert Brooks $577 million Finding Nemo
80%
1975 Richard Dreyfuss $1.20 billion Jaws
80%
1994 James Earl Jones $835 million The Lion King
73%
2019 Donald Glover $565 million The Lion King
73%
2016 Jason Bateman $371 million Zootopia
73%
1967 Phil Harris $690 million The Jungle Book
67%
2016 Bill Murray $390 million The Jungle Book
67%
1942 Donnie Dunagan $596 million Bambi
53%
2005 Naomi Watts $316 million King Kong
47%
1955 Barbara Luddy $522 million Lady and the Tramp
47%
1961 Betty Lou Gerson $936 million One Hundred and One Dalmatians
47%
2016 Kevin Hart $405 million The Secret Life of Pets
47%
1998 James Foley $319 million A Bug's Life
33%
1999 Minnie Driver $315 million Tarzan
33%
No matching quizzes found
Score Distribution
Percent of People with Each Score
Percentile by Number Answered
Your Score History
You have not taken this quiz